| 000 | 00479cam a2200181ua 4500 | ||
|---|---|---|---|
| 020 |
_a81 7033 103 0 _c225.00 |
||
| 041 |
_aeng _h |
||
| 082 |
_a631.587 _bRAM/GE |
||
| 100 | _aRamkumar, Gurjar . | ||
| 245 |
_aGeographical perspectives on irrigation / _cRam kumar gurjar. _hTextual Documents |
||
| 250 |
_a1 / _b. |
||
| 260 |
_aNew Delhi : _bRawat Publications , _c1990. |
||
| 300 | _a239 ; . | ||
| 365 | _a225.00 | ||
| 504 | _a | ||
| 942 | _cBK | ||
| 999 |
_c7267 _d7267 |
||